Normal view MARC view
  • Chabbra T.N Etal

Entry Personal Name

Number of records used in: 2

001 - CONTROL NUMBER

  • control field: 2099

003 - CONTROL NUMBER IDENTIFIER

  • control field: OSt

005 - DATE AND TIME OF LATEST TRANSACTION

  • control field: 20161217115725.0

008 - FIXED-LENGTH DATA ELEMENTS

  • fixed length control field: 161217|| aca||aabn | a|a d

040 ## - CATALOGING SOURCE

  • Original cataloging agency: OSt

100 ## - HEADING--PERSONAL NAME

  • Personal name: Chabbra T.N Etal

Powered by Koha